Aprender juntos y solos /

Guardado en:
Autor Principal: Johnson, Davis W.
Formato: Libro
Publicado: Buenos Aires : Aique, 1999
Materias:
Etiquetas: Agregar Etiqueta
Sin Etiquetas, Sea el primero en etiquetar este registro!
LEADER 00517nam a22001815a 4500
001 CEM.cems016897
005 20100309173605.0
008 130507s1999##################000#0#####d
003 CEMS
020 |a 9507015612 
082 0 4 |a 370 
100 1 |a Johnson, Davis W. 
245 1 0 |a Aprender juntos y solos /  |c Davis W Johnson y Roger T Johnson 
260 |a Buenos Aires :  |b Aique,  |c 1999 
300 |a 328 p. 
653 |a Educacion 
653 |a Aprendizaje cooperativo 
859 |a CEMS  |b BIB. CEMS - Agricultura  |h 370  |i J631  |p A0438.02  |t Ej.1